000 00194 a2200097 4500
001 59645
100 _a
245 _aTopology
260 _aNew York
_bMc Graw Hill
_c2005
090 _c36519
_d36519
942 _aNUST-CAE
_c
_c29468
999 _c294718
_d294718